[Event "Junior Online 4NCL Division 4"]
[Site "online"]
[Date "2021.10.28"]
[EventDate "2021.10.28"]
[Round "6.24"]
[White "Marsden, Rupert"]
[WhiteElo "1042"]
[WhiteTeam "Wolfpack Juniors"]
[Black "Bhatia, Kanishka"]
[BlackElo "530"]
[BlackTeam "Lenzie Dementors"]
[Result "1-0"]
[PlyCount "65"]

1. e4 e5 2. Nc3 Nf6 3. Bc4 Nxe4 4. Nxe4 d5 5. Bxd5 Qxd5 6. Qf3 f5 7. Nc3 Qxf3 8. Nxf3 Nc6 9. d3 Bb4 10. Bd2 Bd7 11. O-O-O O-O 12. Nd5 Bxd2+ 13. Rxd2 Rac8 14. Re1 Rfe8 15. Rde2 Be6 16. Nc3 Nd4 17. Nxd4 exd4 18. Nb5 Kf7 19. Nxd4 Bd5 20. f3 Rxe2 21. Rxe2 g6 22. Re5 Rd8 23. Nb5 c6 24. Nc3 Kf6 25. Re2 Rd6 26. Nxd5+ Rxd5 27. Kd2 Ra5 28. a3 Rb5 29. b3 b6 30. Re8 a5 31. Rc8 c5 32. Kc3 Kg5 33. Kc4 1-0

[Event "Junior Online 4NCL Division 4"]
[Site "online"]
[Date "2021.10.28"]
[EventDate "2021.10.28"]
[Round "6.25"]
[White "Jayaprakash, Arnav"]
[WhiteElo "1441"]
[WhiteTeam "Wolfpack Juniors"]
[Black "Lynn, Angelo"]
[BlackElo "900"]
[BlackTeam "Lenzie Dementors"]
[Result "0-1"]
[PlyCount "80"]

1. e4 c6 2. d4 d5 3. exd5 cxd5 4. Nc3 Nf6 5. Nf3 Bg4 6. Be2 Nc6 7. h3 Bh5 8. O-O e6 9. Bg5 Be7 10. Qd2 h6 11. Be3 Ne4 12. Nxe4 dxe4 13. Ne5 Bxe2 14. Nxc6 bxc6 15. Qxe2 O-O 16. Rad1 Rb8 17. b3 Qc7 18. Qg4 Kh8 19. Qxe4 Rfc8 20. Qf3 Kg8 21. c4 Qa5 22. Ra1 Bf6 23. Bxh6 Bxd4 24. Rad1 c5 25. Bf4 e5 26. Be3 Qxa2 27. Bxd4 exd4 28. Rb1 a5 29. Qd1 Rb7 30. Qf3 Rcb8 31. Rfe1 a4 32. Ra1 Qxb3 33. Qxb3 axb3 34. Rab1 Rb4 35. Rec1 b2 36. Rc2 d3 37. Rd2 Rxc4 38. Rbxb2 Rxb2 39. Rxb2 Rc1+ 40. Kh2 c4 0-1

[Event "Junior Online 4NCL Division 4"]
[Site "online"]
[Date "2021.10.28"]
[EventDate "2021.10.28"]
[Round "6.26"]
[White "Banerjee, Supratit"]
[WhiteElo "623"]
[WhiteTeam "Lenzie Dementors"]
[Black "Reeves, Hollyann"]
[BlackElo "1383"]
[BlackTeam "Wolfpack Juniors"]
[Result "0-1"]
[PlyCount "80"]

1. c4 e5 2. Nc3 Nc6 3. e3 Bc5 4. Nf3 Nf6 5. Nxe5 Nxe5 6. d4 Bxd4 7. exd4 Ng6 8. Be2 O-O 9. O-O b6 10. Bf3 Rb8 11. Bg5 h6 12. Bxf6 Qxf6 13. Nd5 Qd8 14. b4 c6 15. Nc3 Nh4 16. a4 Qf6 17. Ne4 Nxf3+ 18. gxf3 Qg6+ 19. Kh1 d5 20. cxd5 cxd5 21. Ng3 Bh3 22. Rg1 Qf6 23. Nh5 Qf5 24. Nxg7 Qf6 25. Nh5+ Qg6 26. Rxg6+ fxg6 27. Ng3 Rf6 28. Qb3 Kg7 29. Qxd5 Rbf8 30. Rc1 Rxf3 31. Rc7+ Kh8 32. Qd7 Bxd7 33. Rxd7 Rxf2 34. Rxa7 h5 35. Rb7 h4 36. Ne4 Re2 37. Kg1 Rxe4 38. Rxb6 Rxd4 39. a5 Rg4+ 40. Kh1 Rf1# 0-1

[Event "Junior Online 4NCL Division 4"]
[Site "online"]
[Date "2021.10.28"]
[EventDate "2021.10.28"]
[Round "6.27"]
[White "Harris, Callum"]
[WhiteElo "1383"]
[WhiteTeam "Wolfpack Juniors"]
[Black "Arya, Aadit"]
[BlackElo "622"]
[BlackTeam "Lenzie Dementors"]
[Result "0-1"]
[PlyCount "88"]

1. e4 e5 2. Nf3 Nc6 3. Bc4 Bc5 4. Nc3 Nf6 5. d3 d6 6. h3 h6 7. Be3 Bxe3 8. fxe3 Be6 9. Bb3 O-O 10. d4 exd4 11. exd4 Bxb3 12. axb3 Re8 13. Qe2 d5 14. e5 Nb4 15. O-O Kh7 16. Ra4 c5 17. Na2 Nxa2 18. Rxa2 cxd4 19. Qd3+ Kg8 20. exf6 Qxf6 21. Nxd4 Qb6 22. c3 Re4 23. Qf3 Rf8 24. Kh1 f5 25. Qg3 f4 26. Qf2 Kh7 27. g3 g5 28. Qf3 Qc5 29. g4 Re3 30. Qg2 Qc8 31. Qc2+ Kg7 32. Nf5+ Rxf5 33. gxf5 Rxh3+ 34. Kg2 Rg3+ 35. Kh2 Qc7 36. Rg1 Re3 37. Kh1 d4 38. Rd1 Qc6+ 39. Kh2 Qf3 40. Qg2 Qh5+ 41. Kg1 Qxd1+ 42. Kh2 Qh5+ 43. Kg1 Re1+ 44. Kf2 Qe2# 0-1

[Event "Junior Online 4NCL Division 4"]
[Site "online"]
[Date "2021.10.28"]
[EventDate "2021.10.28"]
[Round "6.28"]
[White "Bhatia, Kanishka"]
[WhiteElo "530"]
[WhiteTeam "Lenzie Dementors"]
[Black "Marsden, Rupert"]
[BlackElo "1042"]
[BlackTeam "Wolfpack Juniors"]
[Result "0-1"]
[PlyCount "68"]

1. e4 c5 2. Nc3 Nc6 3. Nge2 g6 4. g3 Bg7 5. Bg2 d6 6. d3 Bd7 7. Be3 Nf6 8. Qd2 Ng4 9. h3 Nxe3 10. Qxe3 Nd4 11. Qd2 Nxe2 12. Qxe2 O-O 13. f4 Qa5 14. O-O e6 15. Qg4 Qc7 16. f5 exf5 17. exf5 Bxf5 18. Rxf5 gxf5 19. Qxf5 Qc8 20. Qh5 Qe6 21. Be4 Qh6 22. Qf5 Rfe8 23. Rf1 Re7 24. Nd5 Rd7 25. Qxd7 Rf8 26. Ne7+ Kh8 27. Qf5 Bd4+ 28. Kg2 Qd2+ 29. Kh1 Qh6 30. h4 Qg7 31. Kh2 Be5 32. c3 Qxg3+ 33. Kh1 Qxh4+ 34. Kg1 Qh2# 0-1

[Event "Junior Online 4NCL Division 4"]
[Site "online"]
[Date "2021.10.28"]
[EventDate "2021.10.28"]
[Round "6.31"]
[White "Bagga, Khushi"]
[WhiteElo "1071"]
[WhiteTeam "Young Dragons C"]
[Black "Buanne, Giulio"]
[BlackElo "1189"]
[BlackTeam "KCS U13C"]
[Result "0-1"]
[PlyCount "194"]

1. e4 c5 2. d4 cxd4 3. c3 dxc3 4. Nxc3 Nc6 5. Bf4 e5 6. Bg3 Nf6 7. Nf3 d6 8. Bc4 Bg4 9. h3 Bxf3 10. Qxf3 Be7 11. O-O O-O 12. Rfe1 Nd4 13. Qd3 a6 14. Ne2 Nc6 15. Rad1 Nb4 16. Qb3 a5 17. a3 Nc6 18. Qxb7 Na7 19. Bh4 Qb8 20. Qxb8 Raxb8 21. Bxf6 Bxf6 22. Rxd6 Rxb2 23. Ra6 Rc8 24. Rc1 Nc6 25. a4 h6 26. Bb5 Bg5 27. Rcxc6 Rxc6 28. Rxc6 Kh7 29. Ra6 Rb1+ 30. Kh2 Bd8 31. Ng3 Bc7 32. Bc4 f6 33. Ra7 Bb6 34. Rb7 Rb4 35. Bb5 Bxf2 36. Nf5 Kh8 37. Rxg7 Rxe4 38. Rg6 Rf4 39. Nxh6 Kh7 40. Bd3 e4 41. Rg8 Kxh6 42. Bb5 e3 43. Re8 Kg7 44. Re7+ Kf8 45. Re8+ Kf7 46. Kh1 Kg6 47. Kh2 Kf5 48. g4+ Kg5 49. Kg2 Kh4 50. Rh8+ Kg5 51. h4+ Kxg4 52. Bc6 e2 53. Re8 e1=Q 54. Rxe1 Bxe1 55. Bd7+ Kxh4 56. Bb5 Rg4+ 57. Kf1 Bb4 58. Kf2 Rg5 59. Kf3 Re5 60. Kf4 Bd2+ 61. Kf3 f5 62. Ba6 Re4 63. Bb5 Kg5 64. Bc6 Rf4+ 65. Ke2 Bb4 66. Bb5 Re4+ 67. Kf3 Re1 68. Kf2 f4 69. Kf3 Bc3 70. Kf2 Kg4 71. Kg2 f3+ 72. Kf2 Kf5 73. Kxf3 Ke5 74. Kf2 Kd5 75. Kf3 Kc5 76. Bd7 Ra1 77. Ke3 Kb4 78. Kd3 Be1 79. Ke2 Bh4 80. Kd2 Rxa4 81. Bxa4 Kxa4 82. Kc2 Bf6 83. Kb1 Kb3 84. Kc1 a4 85. Kb1 a3 86. Kc1 a2 87. Kd2 a1=Q 88. Ke3 Qc3+ 89. Ke4 Qe5+ 90. Kd3 Qd4+ 91. Ke2 Kc3 92. Kf3 Kd3 93. Kg3 Qe4 94. Kf2 Qe3+ 95. Kg2 Ke2 96. Kh2 Kf1 97. Kh1 Qh3# 0-1

[Event "Junior Online 4NCL Division 4"]
[Site "online"]
[Date "2021.10.28"]
[EventDate "2021.10.28"]
[Round "6.32"]
[White "Shan-Muhammad, Rohan"]
[WhiteElo "1097"]
[WhiteTeam "KCS U13C"]
[Black "Swartz, Edward RG"]
[BlackElo "1013"]
[BlackTeam "Young Dragons C"]
[Result "0-1"]
[PlyCount "62"]

1. e4 c5 2. Nf3 Nc6 3. Bc4 d6 4. Nc3 Bg4 5. h3 Bh5 6. g4 Bg6 7. d3 a6 8. Be3 Nf6 9. Qe2 e5 10. O-O-O Nd4 11. Bd2 Nxe2+ 12. Nxe2 Be7 13. Ng5 Qc7 14. a3 Rc8 15. Bb3 b5 16. a4 c4 17. dxc4 bxc4 18. Ba2 Nxe4 19. Nxe4 Bxe4 20. Rhg1 Bf3 21. Rde1 Bh4 22. Ng3 Bxg3 23. fxg3 O-O 24. b3 Bd5 25. bxc4 Bxc4 26. Bxc4 Qxc4 27. Kd1 Qxc2+ 28. Ke2 Rc4 29. Rc1 Re4+ 30. Kf3 Qd3+ 31. Kf2 Qe2# 0-1

[Event "Junior Online 4NCL Division 4"]
[Site "online"]
[Date "2021.10.28"]
[EventDate "2021.10.28"]
[Round "6.33"]
[White "Kulkarni, Arnav"]
[WhiteElo "1033"]
[WhiteTeam "Young Dragons C"]
[Black "Kou, Victor"]
[BlackElo "965"]
[BlackTeam "KCS U13C"]
[Result "1-0"]
[PlyCount "173"]

1. e4 e5 2. Nf3 Nf6 3. Nxe5 Nc6 4. Nxc6 dxc6 5. Nc3 Bc5 6. h3 h5 7. e5 Qd4 8. Qe2 Nd5 9. Nxd5 cxd5 10. e6 Bxe6 11. d3 O-O-O 12. c3 Qf6 13. d4 Bb6 14. Bf4 Rhe8 15. Be3 g6 16. O-O-O Bf5 17. g3 c6 18. Bg2 h4 19. g4 Be4 20. f3 Bxf3 21. Bxf3 Qg7 22. Rhf1 f5 23. gxf5 gxf5 24. Qd2 Re7 25. Bg5 Rde8 26. Bh5 Rh8 27. Bxe7 Qxe7 28. Qe2 Qxe2 29. Bxe2 Rf8 30. Rd3 f4 31. Rdf3 Bc7 32. Rg1 Kd7 33. Rg4 Ke6 34. Rxh4 Kf5 35. Rh5+ Ke4 36. Rh7 Bd8 37. Rxb7 Bg5 38. Rxa7 Rh8 39. Re7+ Bxe7 40. a4 Ra8 41. b3 Ba3+ 42. Kb1 Bd6 43. Bd1 c5 44. dxc5 Bxc5 45. b4 Be3 46. Rf1 Rh8 47. Bc2+ Ke5 48. a5 Rxh3 49. a6 Ba7 50. b5 Rxc3 51. Kb2 Rc5 52. Bd3 Kd4 53. Be2 Ke3 54. Re1 Kd2 55. Rh1 Kxe2 56. Rh2+ Ke3 57. Rh3+ Ke4 58. Rb3 d4 59. b6 Bxb6 60. Rxb6 Ra5 61. Kb3 d3 62. Re6+ Kd5 63. Rh6 f3 64. Rh5+ Ke4 65. Rxa5 f2 66. Ra1 Ke3 67. Kc3 Ke2 68. Ra2+ Ke3 69. Rxf2 Kxf2 70. Kxd3 Kf3 71. a7 Kf4 72. a8=Q Ke5 73. Qe4+ Kd6 74. Qf5 Ke7 75. Qg6 Kd7 76. Qf6 Kc7 77. Qe6 Kb7 78. Qd6 Ka7 79. Kc4 Kb7 80. Kb5 Ka7 81. Qb6+ Ka8 82. Qd6 Kb7 83. Qb6+ Ka8 84. Qh6 Ka7 85. Qh7+ Ka8 86. Kb6 Kb8 87. Qb7# 1-0

[Event "Junior Online 4NCL Division 4"]
[Site "online"]
[Date "2021.10.28"]
[EventDate "2021.10.28"]
[Round "6.34"]
[White "Hill-Wood, Oliver"]
[WhiteElo "936"]
[WhiteTeam "KCS U13C"]
[Black "Kong, Emma"]
[BlackElo "1030"]
[BlackTeam "Young Dragons C"]
[Result "1-0"]
[PlyCount "43"]

1. e4 e5 2. Nf3 Nc6 3. d4 exd4 4. Nxd4 Bc5 5. Be3 Qf6 6. Nb5 Bd6 7. N1c3 Nge7 8. Nxd6+ cxd6 9. Bd3 h6 10. O-O O-O 11. Be2 b6 12. f4 Bb7 13. Nb5 d5 14. exd5 Nd8 15. c4 Nf5 16. Bd2 a6 17. Bc3 Qe7 18. Nc7 Rc8 19. Bd3 Nd6 20. Qg4 Qe3+ 21. Kh1 f5 22. Qxg7# 1-0

[Event "Junior Online 4NCL Division 4"]
[Site "online"]
[Date "2021.10.28"]
[EventDate "2021.10.28"]
[Round "6.35"]
[White "Buanne, Giulio"]
[WhiteElo "1189"]
[WhiteTeam "KCS U13C"]
[Black "Bagga, Khushi"]
[BlackElo "1071"]
[BlackTeam "Young Dragons C"]
[Result "0-1"]
[PlyCount "28"]

1. e4 e5 2. Nf3 Nc6 3. Bc4 Bc5 4. d3 h6 5. h3 Nf6 6. O-O O-O 7. Re1 Re8 8. c3 d5 9. Nbd2 dxc4 10. d4 exd4 11. cxd4 Nxd4 12. Nxc4 Nxe4 13. Kh1 Nxf3 14. Qxd8 Nxf2# 0-1

[Event "Junior Online 4NCL Division 4"]
[Site "online"]
[Date "2021.10.28"]
[EventDate "2021.10.28"]
[Round "6.36"]
[White "Swartz, Edward RG"]
[WhiteElo "1013"]
[WhiteTeam "Young Dragons C"]
[Black "Shan-Muhammad, Rohan"]
[BlackElo "1097"]
[BlackTeam "KCS U13C"]
[Result "1-0"]
[PlyCount "65"]

1. e4 e5 2. Nf3 Nf6 3. Nxe5 Nc6 4. Nxc6 dxc6 5. Nc3 Bc5 6. h3 Qd4 7. Qf3 O-O 8. d3 Bb4 9. Bd2 Bxc3 10. Bxc3 Qd6 11. e5 Qe6 12. Be2 Nd5 13. d4 Nxc3 14. Qxc3 b6 15. Bf3 Bb7 16. O-O f6 17. Be2 fxe5 18. Bc4 c5 19. Bxe6+ Kh8 20. dxc5 bxc5 21. Qxc5 Rf6 22. Bd5 Bxd5 23. Qxd5 Re8 24. Rad1 Rff8 25. Rfe1 h6 26. Rxe5 Rb8 27. b3 Kh7 28. Rf5 Rfe8 29. Kf1 Kh8 30. Re1 Rec8 31. Re7 c6 32. Qe5 Kh7 33. Qxg7# 1-0

[Event "Junior Online 4NCL Division 4"]
[Site "online"]
[Date "2021.10.28"]
[EventDate "2021.10.28"]
[Round "6.37"]
[White "Kou, Victor"]
[WhiteElo "965"]
[WhiteTeam "KCS U13C"]
[Black "Kulkarni, Arnav"]
[BlackElo "1033"]
[BlackTeam "Young Dragons C"]
[Result "0-1"]
[PlyCount "22"]

1. d4 d5 2. Bf4 Nc6 3. e3 Nf6 4. c4 Be6 5. cxd5 Bxd5 6. Nc3 e5 7. Nxd5 Qxd5 8. Bg5 exd4 9. Bxf6 gxf6 10. exd4 Bb4+ 11. Ke2 Qe4# 0-1

[Event "Junior Online 4NCL Division 4"]
[Site "online"]
[Date "2021.10.28"]
[EventDate "2021.10.28"]
[Round "6.38"]
[White "Kong, Emma"]
[WhiteElo "1030"]
[WhiteTeam "Young Dragons C"]
[Black "Hill-Wood, Oliver"]
[BlackElo "936"]
[BlackTeam "KCS U13C"]
[Result "0-1"]
[PlyCount "116"]

1. d4 d5 2. c4 c6 3. Nc3 e6 4. Nf3 Nf6 5. Bf4 Bd6 6. Bg5 O-O 7. e3 Nbd7 8. Bd3 dxc4 9. Bxc4 b5 10. Bd3 a6 11. O-O Bb7 12. e4 Be7 13. h3 c5 14. e5 Nd5 15. Bxe7 Qxe7 16. Nxd5 Bxd5 17. Bc2 c4 18. b3 Nb6 19. Qd2 Rac8 20. Rac1 Rfd8 21. Qa5 Qb7 22. Rfe1 Rc6 23. Ng5 h6 24. Nf3 Rdc8 25. Qb4 cxb3 26. axb3 Rxc2 27. Rxc2 Rxc2 28. Re3 Qc7 29. Re1 Bxf3 30. gxf3 Rc1 31. Rxc1 Qxc1+ 32. Kg2 Nd5 33. Qd6 Qg5+ 34. Kf1 Qf4 35. Qd8+ Kh7 36. Qa5 Qxf3 37. Qd2 Qxh3+ 38. Ke1 Qxb3 39. Ke2 Qc3 40. Qxc3 Nxc3+ 41. Kd3 Nd5 42. Kc2 a5 43. Kb3 a4+ 44. Ka3 Kg6 45. f4 h5 46. f5+ Kxf5 47. Kb2 h4 48. Ka3 h3 49. Kb2 h2 50. Ka2 h1=Q 51. Kb2 Qg2+ 52. Ka3 Qf3+ 53. Ka2 Qe2+ 54. Ka3 Qd3+ 55. Kb2 Qxd4+ 56. Ka3 Qb4+ 57. Ka2 Nc3+ 58. Ka1 Qb1# 0-1

[Event "Junior Online 4NCL Division 4"]
[Site "online"]
[Date "2021.10.28"]
[EventDate "2021.10.28"]
[Round "6.41"]
[White "Fang, Moyao"]
[WhiteElo "1367"]
[WhiteTeam "London Dragons Beryllium"]
[Black "Pyla, Akhil"]
[BlackElo "1320"]
[BlackTeam "Chess Challengers C"]
[Result "0-1"]
[PlyCount "57"]

1. e4 c5 2. Nf3 d6 3. d4 cxd4 4. Nxd4 Nf6 5. Nc3 e5 6. Nf3 Nc6 7. Bc4 Bg4 8. h3 Bh5 9. g4 Bg6 10. Qe2 Be7 11. Bd2 O-O 12. O-O-O a6 13. Rdg1 b5 14. Bd5 Nxd5 15. Nxd5 b4 16. h4 h6 17. g5 h5 18. Nh2 Nd4 19. Qd1 Bxe4 20. f3 Bxd5 21. Bxb4 Rc8 22. c3 Bxa2 23. f4 Bc4 24. Qxh5 Ne2+ 25. Kd2 Bd3 26. Re1 Nxf4 27. Qg4 Qb6 28. Nf3 Qf2+ 29. Kc1 Qc2# 0-1

[Event "Junior Online 4NCL Division 4"]
[Site "online"]
[Date "2021.10.28"]
[EventDate "2021.10.28"]
[Round "6.42"]
[White "Jha, Aarush"]
[WhiteElo "1311"]
[WhiteTeam "Chess Challengers C"]
[Black "Shi, Shaoting"]
[BlackElo "1211"]
[BlackTeam "London Dragons Beryllium"]
[Result "0-1"]
[PlyCount "62"]

1. e4 e5 2. Nf3 Nc6 3. Nc3 Nf6 4. Bb5 a6 5. Bxc6 dxc6 6. d4 exd4 7. Qxd4 Qxd4 8. Nxd4 Bc5 9. Be3 Bb4 10. f3 O-O 11. Bd2 c5 12. Nde2 Be6 13. b3 c4 14. O-O-O cxb3 15. cxb3 a5 16. Nf4 Bd7 17. Nfd5 Nxd5 18. Nxd5 Bd6 19. g3 c6 20. Bf4 Ba3+ 21. Kc2 cxd5 22. Rxd5 Rac8+ 23. Kd3 Bc6 24. Bd6 Rfd8 25. Bxa3 Bxd5 26. exd5 Rxd5+ 27. Ke4 Rd2 28. Ra1 Re8+ 29. Kf4 Rd4+ 30. Kg5 f6+ 31. Kh5 Re5# 0-1

[Event "Junior Online 4NCL Division 4"]
[Site "online"]
[Date "2021.10.28"]
[EventDate "2021.10.28"]
[Round "6.43"]
[White "Liu, Zhengzheng"]
[WhiteElo "1290"]
[WhiteTeam "London Dragons Beryllium"]
[Black "Rajaram, Dilip"]
[BlackElo "1206"]
[BlackTeam "Chess Challengers C"]
[Result "1-0"]
[PlyCount "133"]

1. e4 e5 2. Nf3 Nc6 3. d4 exd4 4. Nxd4 Nxd4 5. Qxd4 Nf6 6. Nc3 Be7 7. Bc4 d6 8. O-O O-O 9. f4 c5 10. Qd3 Be6 11. Bb3 a5 12. f5 Bxb3 13. axb3 Qc7 14. Bf4 Rad8 15. Rf3 Qb6 16. Qb5 Qa7 17. Rxa5 Qb8 18. Qe2 Qc7 19. Ra4 Qb6 20. Rg3 d5 21. e5 Ne4 22. Nxe4 dxe4 23. Rxe4 Rd4 24. Rxd4 cxd4 25. f6 d3+ 26. Qf2 Bc5 27. Be3 Bxe3 28. Qxe3 Qxe3+ 29. Rxe3 d2 30. Rd3 gxf6 31. exf6 Re8 32. Rxd2 h5 33. Kf2 Re6 34. Rd8+ Kh7 35. Rd3 Kg6 36. Rf3 Rc6 37. c4 b6 38. Ke3 Re6+ 39. Kd2 Kg5 40. g3 Kg4 41. Rf4+ Kg5 42. h4+ Kg6 43. Rf3 Kh6 44. Kc3 Kg6 45. Kb4 Re5 46. Kc3 Kh6 47. b4 b5 48. c5 Re6 49. Kd4 Kg6 50. Kd5 Re2 51. b3 Rd2+ 52. Kc6 Rd8 53. Kxb5 Rb8+ 54. Kc4 Kh7 55. b5 Kg8 56. c6 Kf8 57. Kc5 Ke8 58. Rd3 Rd8 59. Rxd8+ Kxd8 60. Kd6 Kc8 61. b6 Kb8 62. b7 Ka7 63. Kc7 Ka6 64. b8=Q Ka5 65. Kd6 Ka6 66. Kc5 Ka5 67. Qa8# 1-0

[Event "Junior Online 4NCL Division 4"]
[Site "online"]
[Date "2021.10.28"]
[EventDate "2021.10.28"]
[Round "6.44"]
[White "Chandrasekar, Neel"]
[WhiteElo "1230"]
[WhiteTeam "Chess Challengers C"]
[Black "Li, Harvey"]
[BlackElo "1280"]
[BlackTeam "London Dragons Beryllium"]
[Result "1-0"]
[PlyCount "131"]

1. d4 e6 2. c4 d5 3. cxd5 exd5 4. Nc3 Nf6 5. Bf4 Nc6 6. e3 Bb4 7. a3 Ba5 8. b4 Bb6 9. Nf3 O-O 10. Bd3 Re8 11. h3 a5 12. b5 Ne7 13. O-O c6 14. Ne5 Bc7 15. Ne2 Bf5 16. Bxf5 Nxf5 17. bxc6 Bxe5 18. cxb7 Rb8 19. Bxe5 Rxb7 20. Bxf6 Qxf6 21. Nf4 Rd7 22. Rb1 h6 23. Rb5 Qc6 24. Rxa5 Rb8 25. Rc5 Qb7 26. Qc2 Ne7 27. Ra1 Rd6 28. Rc7 Qb6 29. Rxe7 Qd8 30. Qc7 Qf8 31. Qxd6 Rb7 32. Re8 Qxe8 33. Qxd5 Rb5 34. Qc4 Rb2 35. a4 Qb8 36. Qc1 Qb4 37. a5 Rb3 38. a6 Qf8 39. a7 Qa8 40. Qc4 Rb7 41. Qd5 Kf8 42. Qd6+ Kg8 43. Nd5 Rxa7 44. Rxa7 Qxa7 45. Qb6 Qa1+ 46. Kh2 Qe1 47. Qb2 Qa5 48. Nf4 Qc7 49. g3 g5 50. Nd3 Qd6 51. Nb4 Qg6 52. d5 Qd6 53. Qd4 h5 54. e4 h4 55. e5 Qd7 56. d6 hxg3+ 57. fxg3 Kf8 58. Qg4 Qe8 59. Qxg5 Qa4 60. Qe7+ Kg8 61. d7 Qa1 62. d8=Q+ Kg7 63. Qdf8+ Kg6 64. Qexf7+ Kg5 65. Q8g8+ Kh6 66. Qfh7# 1-0

[Event "Junior Online 4NCL Division 4"]
[Site "online"]
[Date "2021.10.28"]
[EventDate "2021.10.28"]
[Round "6.45"]
[White "Pyla, Akhil"]
[WhiteElo "1320"]
[WhiteTeam "Chess Challengers C"]
[Black "Fang, Moyao"]
[BlackElo "1367"]
[BlackTeam "London Dragons Beryllium"]
[Result "0-1"]
[PlyCount "63"]

1. d4 d5 2. c4 e6 3. Nc3 Nf6 4. Bg5 Be7 5. Nf3 O-O 6. e3 b6 7. g3 Bb7 8. cxd5 Nxd5 9. Bxe7 Nxe7 10. Bg2 Nd7 11. O-O Rc8 12. Rc1 c5 13. Ne2 Nd5 14. a3 N5f6 15. dxc5 Nxc5 16. Qxd8 Rfxd8 17. h3 Nd3 18. Rc2 Rxc2 19. Ned4 Rxb2 20. Rd1 Nc5 21. Nd2 Bxg2 22. Kxg2 e5 23. Nc6 Rdxd2 24. Rf1 Nfe4 25. Nxe5 Rxf2+ 26. Rxf2 Rxf2+ 27. Kg1 h5 28. Nc6 a5 29. Nd4 Nd3 30. h4 Ne1 31. Nc6 Nf3+ 32. Kh1 Nxg3# 0-1

[Event "Junior Online 4NCL Division 4"]
[Site "online"]
[Date "2021.10.28"]
[EventDate "2021.10.28"]
[Round "6.46"]
[White "Shi, Shaoting"]
[WhiteElo "1211"]
[WhiteTeam "London Dragons Beryllium"]
[Black "Jha, Aarush"]
[BlackElo "1311"]
[BlackTeam "Chess Challengers C"]
[Result "1-0"]
[PlyCount "85"]

1. e4 c5 2. Nf3 e6 3. Bc4 Nc6 4. Nc3 a6 5. a4 Nge7 6. O-O g6 7. d3 Bg7 8. Bd2 O-O 9. Qc1 d5 10. exd5 exd5 11. Bb3 Be6 12. Bh6 c4 13. dxc4 dxc4 14. Ba2 Nb4 15. Bb1 Qa5 16. Bxg7 Kxg7 17. Ne2 Rfb8 18. c3 Nd3 19. Bxd3 cxd3 20. Nf4 Bf5 21. b4 Qc7 22. Qb2 f6 23. Qd2 Rd8 24. Nd4 Qd6 25. Nxd3 Bxd3 26. Qxd3 Nf5 27. Nxf5+ gxf5 28. Qxf5 Qe5 29. Qg4+ Qg5 30. Qc4 Rdc8 31. Qe4 Qe5 32. Qxb7+ Kg6 33. f4 Qe3+ 34. Kh1 Rab8 35. f5+ Kg5 36. Qg7+ Kh5 37. Qxh7+ Kg5 38. Qg6+ Kh4 39. g3+ Qxg3 40. Qxg3+ Kh5 41. Qg6+ Kh4 42. Rf4+ Kh3 43. Qh5# 1-0

[Event "Junior Online 4NCL Division 4"]
[Site "online"]
[Date "2021.10.28"]
[EventDate "2021.10.28"]
[Round "6.47"]
[White "Rajaram, Dilip"]
[WhiteElo "1206"]
[WhiteTeam "Chess Challengers C"]
[Black "Liu, Zhengzheng"]
[BlackElo "1290"]
[BlackTeam "London Dragons Beryllium"]
[Result "1/2-1/2"]
[PlyCount "246"]

1. e4 c5 2. f4 Nc6 3. Nf3 d6 4. Nc3 Bg4 5. Be2 Nf6 6. d3 g6 7. O-O Bg7 8. Ng5 Bxe2 9. Nxe2 O-O 10. Ng3 h6 11. Nf3 Qd7 12. f5 Kh7 13. Qd2 g5 14. h4 g4 15. Nh2 h5 16. a4 Rh8 17. Qg5 Kg8 18. Bd2 Kf8 19. e5 Nxe5 20. Ne4 Nxe4 21. dxe4 f6 22. Qe3 Bh6 23. Qe1 Bxd2 24. Qxd2 Qc6 25. Rae1 Ke8 26. b3 Kd7 27. c4 Rad8 28. Rf2 Kc8 29. Qa5 Kb8 30. Rb1 g3 31. Rfb2 gxh2+ 32. Kxh2 Ng4+ 33. Kg1 Qxe4 34. b4 Qd4+ 35. Kh1 Nf2+ 36. Kh2 Ng4+ 37. Kh1 Nf2+ 38. Kh2 Nd3 39. Rb3 Nxb4 40. R3b2 Qxh4+ 41. Kg1 Qxc4 42. Kh2 b6 43. Qb5 Qxb5 44. axb5 Rde8 45. Ra1 e6 46. fxe6 Rxe6 47. Rf2 Rh6 48. Rd1 Kb7 49. Rf3 a6 50. bxa6+ Kxa6 51. Ra1+ Kb5 52. Rb3 Kc6 53. Rab1 d5 54. Kg1 d4 55. Kf2 Rg6 56. Rc1 Kd5 57. Rd1 Kc4 58. Rbb1 d3 59. Rbc1+ Kd4 60. Kf1 c4 61. Rb1 Kc5 62. Rbc1 b5 63. Rd2 Re2 64. Rdd1 Rgxg2 65. Rxd3 Nxd3 66. Rxc4+ Kd5 67. Rd4+ Ke5 68. Re4+ Kf5 69. Rf4+ Kg6 70. Rxf6+ Kg5 71. Rg6+ Kf4 72. Rf6+ Ke5 73. Rf5+ Kd4 74. Rd5+ Ke3 75. Rxd3+ Ke4 76. Rd4+ Kf3 77. Rf4+ Kg3 78. Rg4+ Kf3 79. Rf4+ Ke3 80. Re4+ Kd2 81. Rd4+ Kc1 82. Rd1+ Kc2 83. Rc1+ Kd3 84. Rc3+ Ke4 85. Rc4+ Kd3 86. Rd4+ Kc3 87. Rd3+ Kb4 88. Rb3+ Kc4 89. Rb4+ Kd5 90. Rd4+ Kc6 91. Rd6+ Kb7 92. Rb6+ Kc8 93. Rb8+ Kd7 94. Rd8+ Kc6 95. Rd6+ Kc5 96. Rd5+ Kb4 97. Rxb5+ Kc3 98. Rb3+ Kd4 99. Rd3+ Ke5 100. Rd5+ Kf4 101. Rf5+ Kg4 102. Rg5+ Kh3 103. Rxh5+ Kg4 104. Rh4+ Kf3 105. Rf4+ Ke3 106. Rf3+ Kd2 107. Rd3+ Kc1 108. Rd1+ Kc2 109. Rc1+ Kd3 110. Rc3+ Ke4 111. Rc4+ Kf3 112. Rf4+ Ke3 113. Re4+ Kd2 114. Rd4+ Kc3 115. Rc4+ Kd3 116. Rd4+ Ke3 117. Rd3+ Kf4 118. Rf3+ Ke4 119. Rf4+ Kd3 120. Rd4+ Ke3 121. Re4+ Kd2 122. Rd4+ Kc3 123. Rd3+ Kxd3 1/2-1/2

[Event "Junior Online 4NCL Division 4"]
[Site "online"]
[Date "2021.10.28"]
[EventDate "2021.10.28"]
[Round "6.48"]
[White "Li, Harvey"]
[WhiteElo "1280"]
[WhiteTeam "London Dragons Beryllium"]
[Black "Chandrasekar, Neel"]
[BlackElo "1230"]
[BlackTeam "Chess Challengers C"]
[Result "0-1"]
[PlyCount "58"]

1. d4 g6 2. c4 Bg7 3. Nc3 Nf6 4. e4 d6 5. Nf3 O-O 6. Bf4 Nfd7 7. Be3 e5 8. d5 f5 9. Be2 Na6 10. O-O Nac5 11. Qc2 Qe7 12. b4 Na6 13. a3 Kh8 14. Bd3 f4 15. Bd2 g5 16. h3 Rg8 17. Qb2 b6 18. Kh2 Bf6 19. Rh1 Nf8 20. Kg1 g4 21. hxg4 Bxg4 22. Be2 Qg7 23. Re1 Bh3 24. Bf1 Bxg2 25. Re2 Bxf3+ 26. Kh2 Qh6+ 27. Bh3 Bxh1 28. Qc1 Rg2+ 29. Kxh1 Qxh3# 0-1

[Event "Junior Online 4NCL Division 4"]
[Site "online"]
[Date "2021.10.28"]
[EventDate "2021.10.28"]
[Round "6.51"]
[White "Sasikumar, Srivathsan"]
[WhiteElo "1249"]
[WhiteTeam "Leeds Juniors 3"]
[Black "Qiu, Calvin"]
[BlackElo "1228"]
[BlackTeam "Muswell Hill Knights"]
[Result "1-0"]
[PlyCount "111"]

1. d4 d5 2. Bf4 Nf6 3. Nf3 Bf5 4. e3 Nbd7 5. Bd3 Bg6 6. O-O e6 7. c3 Bd6 8. Bg3 Bxd3 9. Qxd3 Bxg3 10. hxg3 Ne4 11. Nbd2 f5 12. Ne5 Nxd2 13. Qxd2 Nxe5 14. dxe5 c6 15. f4 g6 16. a4 a6 17. b4 b5 18. axb5 axb5 19. Ra2 O-O 20. Rfa1 Rxa2 21. Qxa2 Qb6 22. Kf2 c5 23. Qa6 Qxa6 24. Rxa6 cxb4 25. cxb4 Rb8 26. Rxe6 Kf7 27. Rd6 Rc8 28. Rxd5 Rc2+ 29. Kf3 Rb2 30. Rxb5 Ke6 31. Rb7 h6 32. Rg7 Rxb4 33. Rxg6+ Kf7 34. Rf6+ Kg7 35. Rxf5 Kg6 36. Kg4 Rb8 37. Rf6+ Kg7 38. Kh5 Rh8 39. Rg6+ Kf7 40. Rxh6 Rxh6+ 41. Kxh6 Ke6 42. g4 Kf7 43. g5 Ke6 44. g6 Ke7 45. Kh7 Ke6 46. g7 Kf5 47. g8=Q Ke4 48. e6 Kxe3 49. e7 Kxf4 50. e8=Q Kf5 51. Qef7+ Ke4 52. Qge8+ Kd4 53. Qfd7+ Kc3 54. Qec8+ Kb2 55. Qdb7+ Ka2 56. Qca8# 1-0

[Event "Junior Online 4NCL Division 4"]
[Site "online"]
[Date "2021.10.28"]
[EventDate "2021.10.28"]
[Round "6.52"]
[White "Shetty, Ahan"]
[WhiteElo "1116"]
[WhiteTeam "Muswell Hill Knights"]
[Black "Braunstein, Yael"]
[BlackElo "1228"]
[BlackTeam "Leeds Juniors 3"]
[Result "1-0"]
[PlyCount "51"]

1. d4 Nf6 2. c4 d5 3. Nc3 c6 4. Nf3 Bf5 5. Qb3 Qb6 6. cxd5 cxd5 7. Nxd5 Qxb3 8. Nxf6+ exf6 9. axb3 Bb4+ 10. Bd2 a5 11. Bxb4 Nc6 12. Bc3 Ke7 13. e3 Rhd8 14. Be2 b6 15. Nh4 Bc2 16. Bf3 Rac8 17. Bxc6 Rxc6 18. b4 axb4 19. Bxb4+ Ke6 20. O-O Kd5 21. Rfc1 Rcc8 22. Nf3 Ke4 23. Ne1 Bb3 24. Rxc8 Rxc8 25. Nf3 b5 26. Nd2+ 1-0